Kogane no uma /

Saved in:
நூற்பட்டியல் விவரங்கள்
தலைமை எழுத்தாளர்: Moriguchi, Tari, 1892-
வடிவம்: புத்தகம்
மொழி:Japanese
வெளியீடப்பட்டது: Tōkyō : Miyai Shoten, Shōwa 46 [1971]
தொகுதி:Mukashibanashi kenkyū shiryō sōsho. Bekkan ; 13.
பகுதிகள்:
குறியீடுகள்: குறிச்சொல் இணை
குறியீடுகள் இல்லை, இந்த குறிச்சொல்லை முதலில் பதிவு செய்யுங்கள்!
LEADER 01090nam a2200301 i 4500
001 007714964-5
005 20024617115255.0
008 860417s1971 ja a 000 1 jpn
010 |a 74804454 /J 
015 |a Ja71-10983 
035 0 |a ocm13449515 
035 0 |a ocm13449515  |z ocm33550536 
040 |a DLC  |c WM  |d OCoLC  |d *YNH*  |d CStRLIN 
050 0 |a GR341.I853  |b M67 
100 1 |6 880-01  |a Moriguchi, Tari,  |d 1892- 
245 1 0 |6 880-02  |a Kogane no uma /  |c Moriguchi Tari cho. 
260 |6 880-03  |a Tōkyō :  |b Miyai Shoten,  |c Shōwa 46 [1971] 
300 |a 337 p. :  |b ill. ;  |c 19 cm. 
490 1 |6 880-04  |a Mukashibanashi kenkyū shiryō sōsho. Bekkan ;  |v 13 
650 0 |a Tales  |z Japan  |z Iwate-ken. 
880 1 |6 100-01  |a 森口多里,  |d 1892- 
880 1 0 |6 245-02  |a 黄金の馬 /  |c 森口多里著. 
880 |6 260-03  |a 東京 :  |b 三弥井書店,  |c 昭和46 [1971] 
880 1 |6 490-04  |a 昔話研究資料叢書. 別卷 ;  |v 13 
830 0 |6 880-54  |a Mukashibanashi kenkyū shiryō sōsho.  |p Bekkan ;  |v 13. 
880 0 |6 830-54  |a 昔話研究資料叢書.  |p 別卷 ;  |v 13. 
988 |a 20021127 
906 |0 DLC